000 00479ntaaa2200193 4500
003 01
005 20251027202603.0
008 0714s1973 ag 01
040 _aAR-BaBN
_bspa
_cAR-BaBN
_eaacr
_dRIC
082 _a320.0000 So6
100 _aSorauf, Francis J
_925031
245 _aCiencia política
250 _a1 ed.
260 _aMéxico :
_bUTEHA,
_cc1967
300 _ax, 176 p, 11 p
500 _aUna sencilla visión general.
650 _apolítica
_95106
942 _cBK
999 _c20978
_d20978